Statistics for Famous Landmarks Out Of Focus #2

Click here to take the quiz!

General Stats

  • This quiz has been taken 29,931 times
  • The average score is 9 of 16

Answers on the Map

Answers color-coded by a green-red scale on the quiz's map according to % correct below.
 

Answer Stats

% Correct
Statue of Liberty, New York
99%
Great Sphinx of Giza
89%
Colosseum, Rome
88%
Mount Everest, China–Nepal
79%
London Eye
72%
The White House, Washington D.C.
72%
Moai, Easter Island
69%
Uluru, Australia
57%
Hagia Sophia, Istanbul
45%
Grand Canyon, Arizona
43%
Leaning Tower of Pisa, Italy
42%
Gateway Arch, St. Louis
39%
Angel Falls, Venezuela
38%
Palm Islands, Dubai
37%
The Kaaba, Mecca
31%
The Louvre, Paris
22%

Score Distribution

Percentile by Number Answered

Percent of People with Each Score

Your Score History

You have not taken this quiz